000 00317nam a22001457a 4500
020 _a81-300-0433-X
082 _a894.823
_bHEM/K
100 _aHEMINGWAY, EARNEST
245 _aKIZHAVANUM KADALUM
260 _aKOZHIKODE
_bPOONA PUBLIATIONS
_c2009
300 _a95
520 _aNOVEL
650 _aNOVEL
942 _cBK
999 _c4927
_d4927